| 000 | 00515nam a2200181 i 4500 | ||
|---|---|---|---|
| 001 | 37491 | ||
| 003 | ES-MaACL | ||
| 005 | 20230906155602.0 | ||
| 007 | t| | ||
| 008 | 030307q19451999sp ||||1| spa d | ||
| 080 | _a940.42(093.32) | ||
| 100 | 0 |
_aCato _cSeud. _937073 |
|
| 245 | 1 | 0 |
_a5 minutos antes de la victoria final / _cpor Cato. |
| 260 |
_a[S.l. : _bs.n., _c194-?] |
||
| 300 |
_a111 p. ; _c18 cm. |
||
| 650 | 1 | 4 |
_aGuerra mundial, 1939-1945- _vRelatos personales. _913254 |
| 852 |
_aES-MaACL _jF-15634 _bR.19948 |
||
| 999 |
_c37491 _d37491 |
||